000 01410cam a22003254a 4500
001 14763737
005 20070911125636.0
008 070309s2008 ohua b 001 0 eng
010 _a 2007924448
020 _a9780324542967
020 _a0324542968
040 _aDLC
_cDLC
_dDLC
050 0 0 _aHB171.5
_b.B8 2008
082 _222
_a330
_bBRU
100 1 _aBrux, Jacqueline Murray.
_95365
245 1 0 _aEconomic Issues and Policy /
_cJacqueline Murray Brux.
246 3 _aEconomic issues & policy
250 _a4th ed.
260 _aMason, OH :
_bThomson South-Western, 2008
_cc2008.
300 _axxiv, 448 p. :
_bill. ;
_c26 cm.
500 _aIncludes access code to economic applications, InfoTrac college edition, and student companion site.
504 _aIncludes bibliographical references and index.
650 0 _aEconomics.
_95366
650 0 _aEconomic policy.
_95367
856 4 1 _3Table of contents only
_uhttp://www.loc.gov/catdir/toc/fy0715/2007924448.html
942 _2ddc
_cBB
999 _c11640
_d11640